000 00779nam a2200217Ii 4500
003 JO-AjNU
008 230605s9999||||xx |||||||||||||| ||und||
017 _a2008/10/3440
040 _aJO-AjNU
_bara
_erda
_cJO-AjNU
041 _aara
050 1 4 _aPJ7521.A4248 2008
100 3 _aعلاونة ،جهاد,
_eauthor
_922616
245 0 0 _aالفردية والجماعية في ضوء التطور:دراسة عن سلامة موسى والعقاد وسيد درويش
250 _aط1
264 3 1 _aاربد: المؤلف، 2008
300 _a212ص
336 _atext
_btxt
_2rdacontent
337 _aunmediated
_bn
_2rdamedia
338 _avolume
_bnc
_2rdacarrier
650 4 _aالثقافة العربية-مصر-تاريخ-حياة فكرية-نقد وتفسير
_922617
999 _aA8056
_c11624
_d11624